header

Foundations of nursing (Record no. 150410)

MARC details
000 -LEADER
fixed length control field 01386nam a2200349 a 4500
245 00 - TITLE STATEMENT
Title Foundations of nursing
260 ## - PUBLICATION, DISTRIBUTION, ETC. (IMPRINT)
Place of publication London :
Name of publisher McGraw-Hill Higher Education,
Year of publication 2008.
300 ## - PHYSICAL DESCRIPTION
Number of Pages xx, 383 p. :
Other physical details ill.
505 0# - FORMATTED CONTENTS NOTE
Formatted contents note pt. 1. The role of the nurse -- pt. 2. Body systems -- pt. 3. Nursing in practice.
650 #0 - SUBJECT ADDED ENTRY--TOPICAL TERM
Topical Term Nursing.
Topical Term Nursing
700 1# - ADDED ENTRY--PERSONAL NAME
Personal name Evans, C. D.
Personal name Tippins, Emma.
856 40 - ELECTRONIC LOCATION AND ACCESS
Uniform Resource Identifier http://site.ebrary.com/lib/rucke/Doc?id=10246336

No items available.

© 2026 Rongo University
Contact us: librarian | system librarian | Rongo university